[Event "Hastings Premier 1975/76 51st"]
[Site "Hastings"]
[Date "1976.01.06"]
[Round "8"]
[White "Korchnoi, Viktor"]
[Black "Nunn, John DM"]
[Result "1/2-1/2"]
[WhiteElo "2665"]
[BlackElo "2375"]
[PlyCount "116"]
[EventDate "1975.12.29"]
[EventType "tourn"]
[EventRounds "15"]
[EventCountry "ENG"]
[EventCategory "10"]
[SourceTitle "BritBase"]
[SourceQuality "2"]

1. c4 Nf6 2. Nc3 e6 3. Nf3 c5 4. g3 d5 5. cxd5 exd5 6. d4 Nc6 7. Bg2 Be7 8. O-O
O-O 9. Bg5 Be6 10. dxc5 Bxc5 11. Rc1 Be7 12. Nd4 h6 13. Be3 Qd7 14. Qa4 Bh3 15.
Rfd1 Bxg2 16. Kxg2 a6 17. h3 b5 18. Qc2 Rac8 19. Qf5 Qb7 20. Nxc6 Rxc6 21. Qf3
Rd6 22. Bf4 Rd7 23. Be5 Rfd8 24. e3 Qb6 25. Ne2 Qe6 26. Bc7 Rc8 27. Nd4 Qe4 28.
Ba5 Rc5 29. Bb6 Rxc1 30. Rxc1 Bd6 31. Rc8+ Kh7 32. Ra8 Be5 33. Bc5 Bxd4 34.
Bxd4 Rd6 35. Rc8 Qe6 36. Rc7 Rc6 37. Ra7 Rc2 38. Rxa6 Rxf2+ 39. Qxf2 Qxa6 40.
Qf5+ Kg8 41. Bxf6 gxf6 42. Qxd5 b4 43. Qf3 Qd6 44. b3 Qd2+ 45. Qf2 Qd5+ 46. Kh2
Kg7 47. g4 Qd6+ 48. Kg2 Qd5+ 49. Kg3 Qd1 50. h4 Qd6+ 51. Kh3 Qd5 52. h5 Qd1 53.
Kg3 Qd6+ 54. Qf4 Qd2 55. Qd4 Qe1+ 56. Kf3 Qf1+ 57. Ke4 Qg2+ 58. Kd3 Qf1+
1/2-1/2

[Event "Hastings Premier 1975/76 51st"]
[Site "Hastings"]
[Date "1976.01.06"]
[Round "8"]
[White "Miles, Anthony J"]
[Black "Taimanov, Mark"]
[Result "1/2-1/2"]
[WhiteElo "2435"]
[BlackElo "2580"]
[PlyCount "49"]
[EventDate "1975.12.29"]
[EventType "tourn"]
[EventRounds "15"]
[EventCountry "ENG"]
[EventCategory "10"]
[SourceTitle "BritBase"]
[SourceQuality "2"]

1. Nf3 d5 2. c4 e6 3. g3 dxc4 4. Qa4+ Bd7 5. Qxc4 c5 6. Ne5 Nc6 7. Nxd7 Qxd7 8.
Bg2 Nf6 9. Qa4 Rc8 10. d3 Be7 11. Nc3 O-O 12. O-O Rfd8 13. Be3 b6 14. Rfc1 h6
15. Rab1 Nd4 16. Qxd7 Rxd7 17. b3 Kf8 18. Bd2 Ke8 19. Kf1 Ng4 20. h3 Ne5 21. a3
Kd8 22. Be1 g5 23. Nd1 Nb5 24. Nc3 Nd4 25. Nd1 1/2-1/2

[Event "Hastings Premier 1975/76 51st"]
[Site "Hastings"]
[Date "1976.01.06"]
[Round "8"]
[White "Sosonko, Gennadi"]
[Black "Jansa, Vlastimil"]
[Result "1-0"]
[WhiteElo "2470"]
[BlackElo "2540"]
[PlyCount "59"]
[EventDate "1975.12.29"]
[EventType "tourn"]
[EventRounds "15"]
[EventCountry "ENG"]
[EventCategory "10"]
[SourceTitle "BritBase"]
[SourceQuality "2"]

1. d4 Nf6 2. c4 g6 3. Nc3 d5 4. Nf3 Bg7 5. Qb3 dxc4 6. Qxc4 O-O 7. e4 Bg4 8.
Be3 Nfd7 9. O-O-O Nb6 10. Qc5 e5 11. d5 N8d7 12. Qa3 Bxf3 13. gxf3 Qh4 14. Kb1
f5 15. Nb5 f4 16. Bxb6 axb6 17. Qc3 Qxf2 18. Nxc7 Ra5 19. d6 Bf6 20. Bb5 Nb8
21. Qb3+ Kh8 22. Ne6 Rg8 23. d7 Bd8 24. Nxd8 Rxd8 25. Qe6 Qh4 26. Qxb6 Rxb5 27.
Qxb5 Nc6 28. Qxb7 Nd4 29. Rc1 Nxf3 30. Rc8 1-0

[Event "Hastings Premier 1975/76 51st"]
[Site "Hastings"]
[Date "1976.01.06"]
[Round "8"]
[White "Stean, Michael"]
[Black "Uhlmann, Wolfgang"]
[Result "1/2-1/2"]
[WhiteElo "2370"]
[BlackElo "2535"]
[PlyCount "55"]
[EventDate "1975.12.29"]
[EventType "tourn"]
[EventRounds "15"]
[EventCountry "ENG"]
[EventCategory "10"]
[SourceTitle "BritBase"]
[SourceQuality "2"]

1. c4 g6 2. g3 Bg7 3. Bg2 e5 4. Nc3 d6 5. d3 f5 6. f4 Nf6 7. Nf3 Nc6 8. O-O O-O
9. Rb1 Nd4 10. e3 Nxf3+ 11. Bxf3 c6 12. b4 Be6 13. b5 e4 14. dxe4 Bxc4 15. bxc6
bxc6 16. Rf2 fxe4 17. Nxe4 Nxe4 18. Bxe4 d5 19. Bd3 Bxd3 20. Qxd3 Rb8 21. Rb3
Rxb3 22. axb3 Qb6 23. Ra2 Rb8 24. Ra6 Qxb3 25. Qxb3 Rxb3 26. Rxc6 a5 27. Kf2 a4
28. Ra6 1/2-1/2

[Event "Hastings Premier 1975/76 51st"]
[Site "Hastings"]
[Date "1976.01.08"]
[Round "9"]
[White "Bellin, Robert"]
[Black "Miles, Anthony J"]
[Result "0-1"]
[WhiteElo "2375"]
[BlackElo "2435"]
[PlyCount "82"]
[EventDate "1975.12.29"]
[EventType "tourn"]
[EventRounds "15"]
[EventCountry "ENG"]
[EventCategory "10"]
[SourceTitle "BritBase"]
[SourceQuality "2"]

1. e4 c5 2. Nf3 e6 3. d4 cxd4 4. Nxd4 a6 5. Nc3 Qc7 6. Be2 b5 7. O-O Bb7 8. Bf3
Nc6 9. Nxc6 dxc6 10. Qe2 Bd6 11. g3 Nf6 12. Re1 Be5 13. Nd1 O-O 14. Bg2 Nd7 15.
Ne3 f5 16. f4 Bd4 17. c3 Bb6 18. Kh1 Nc5 19. e5 Rad8 20. Rd1 Rxd1+ 21. Nxd1 Rd8
22. Be3 Nd3 23. Nf2 Nxf2+ 24. Qxf2 Bxe3 25. Qxe3 c5 26. Qe2 Bxg2+ 27. Kxg2 Qc6+
28. Kf2 Qd5 29. a3 c4 30. Re1 Qc5+ 31. Qe3 Qc7 32. Qe2 Rd3 33. Kg2 Qc6+ 34. Kh3
Qd5 35. Qf2 h6 36. Re2 g5 37. fxg5 hxg5 38. Qb6 Kf7 39. Qc7+ Kg6 40. Qc8 g4+
41. Kh4 Qd8+ 0-1

[Event "Hastings Premier 1975/76 51st"]
[Site "Hastings"]
[Date "1976.01.08"]
[Round "9"]
[White "Bronstein, David I"]
[Black "Keene, Raymond Dennis"]
[Result "1-0"]
[WhiteElo "2590"]
[BlackElo "2505"]
[PlyCount "68"]
[EventDate "1975.12.29"]
[EventType "tourn"]
[EventRounds "15"]
[EventCountry "ENG"]
[EventCategory "10"]
[SourceTitle "BritBase"]
[SourceQuality "2"]

1. e4 e6 2. d4 d5 3. Nd2 Nf6 4. e5 Nfd7 5. c3 c5 6. Ngf3 Nc6 7. Be2 cxd4 8.
cxd4 f6 9. exf6 Nxf6 10. O-O Bd6 11. b3 Qc7 12. Bb2 Ng4 13. h3 Nh6 14. Rc1 Nf7
15. Bb5 O-O 16. Re1 Bd7 17. a3 Rae8 18. Bd3 g6 19. Qc2 Nh8 20. b4 a6 21. Be2
Qd8 22. Nb3 Nb8 23. Nc5 Bc8 24. Bd1 Nf7 25. Qd2 b6 26. Nd3 Nd7 27. Nde5 Nfxe5
28. dxe5 Be7 29. Qd4 b5 30. Rc6 Nb8 31. Rd6 Qc7 32. Bb3 Nc6 33. Qc5 Bd7 34.
Bxd5 Rf5 1-0

[Event "Hastings Premier 1975/76 51st"]
[Site "Hastings"]
[Date "1976.01.08"]
[Round "9"]
[White "Hort, Vlastimil"]
[Black "Sosonko, Gennadi"]
[Result "1-0"]
[WhiteElo "2600"]
[BlackElo "2470"]
[PlyCount "79"]
[EventDate "1975.12.29"]
[EventType "tourn"]
[EventRounds "15"]
[EventCountry "ENG"]
[EventCategory "10"]
[SourceTitle "BritBase"]
[SourceQuality "2"]

1. d4 Nf6 2. c4 e6 3. Nc3 Bb4 4. e3 O-O 5. Bd3 d5 6. Nge2 c5 7. a3 Bxc3+ 8.
bxc3 dxc4 9. Bxc4 Qc7 10. Bd3 e5 11. dxe5 Qxe5 12. Qc2 Be6 13. Ng3 c4 14. Be2
Nbd7 15. O-O Nc5 16. f4 Qc7 17. e4 Nb3 18. Rb1 Qc5+ 19. Kh1 Bg4 20. Bxg4 Nxg4
21. e5 Rad8 22. Qe2 f5 23. h3 Nxc1 24. Rbxc1 Ne3 25. Rf3 Rd3 26. Nh5 Rfd8 27.
Re1 Nd5 28. Rxd3 cxd3 29. Qxd3 Qxc3 30. Rd1 Qxd3 31. Rxd3 Kf7 32. g4 fxg4 33.
hxg4 g6 34. Nf6 Ke6 35. Nxh7 b6 36. Ng5+ Ke7 37. f5 gxf5 38. gxf5 Rg8 39. Nh7
Rh8 40. Rh3 {time} 1-0

[Event "Hastings Premier 1975/76 51st"]
[Site "Hastings"]
[Date "1976.01.08"]
[Round "9"]
[White "Jansa, Vlastimil"]
[Black "Bisguier, Arthur"]
[Result "1/2-1/2"]
[WhiteElo "2540"]
[BlackElo "2445"]
[PlyCount "71"]
[EventDate "1975.12.29"]
[EventType "tourn"]
[EventRounds "15"]
[EventCountry "ENG"]
[EventCategory "10"]
[SourceTitle "BritBase"]
[SourceQuality "2"]

1. e4 e5 2. Nf3 Nc6 3. Bb5 a6 4. Ba4 Nf6 5. O-O Be7 6. Re1 b5 7. Bb3 d6 8. c3
O-O 9. h3 Na5 10. Bc2 c5 11. d4 Qc7 12. Nbd2 Bd7 13. Nf1 Rfe8 14. Ng3 cxd4 15.
cxd4 Rac8 16. Re2 h6 17. b3 Bf8 18. Bb2 Nc6 19. Qd2 g6 20. Rd1 Bg7 21. Bb1 Qb7
22. d5 Ne7 23. Ne1 Qb6 24. Kh2 g5 25. Nc2 Ng6 26. Ne3 Nh4 27. f3 Kh7 28. Ngf5
Nxf5 29. Nxf5 Nh5 30. g3 Bf6 31. Ba3 Bxf5 32. exf5 e4 33. Bxe4 Be5 34. Rg2 Rc7
35. Bb2 Nf6 36. Re2 1/2-1/2

[Event "Hastings Premier 1975/76 51st"]
[Site "Hastings"]
[Date "1976.01.08"]
[Round "9"]
[White "Kaplan, Julio"]
[Black "Sigurjonsson, Gudmundur"]
[Result "0-1"]
[WhiteElo "2445"]
[BlackElo "2475"]
[PlyCount "80"]
[EventDate "1975.12.29"]
[EventType "tourn"]
[EventRounds "15"]
[EventCountry "ENG"]
[EventCategory "10"]
[SourceTitle "BritBase"]
[SourceQuality "2"]

1. d4 Nf6 2. c4 g6 3. Nc3 Bg7 4. e4 d6 5. Be2 O-O 6. f4 c5 7. d5 e6 8. Nf3 exd5
9. cxd5 Bg4 10. O-O Nbd7 11. h3 Bxf3 12. Bxf3 c4 13. Be3 Qa5 14. Qe2 Rac8 15.
g4 Nc5 16. g5 Nfd7 17. Qxc4 Rfe8 18. Rac1 Nxe4 19. Qb5 Bxc3 20. Qxd7 Rcd8 21.
Qxb7 Bd2 22. Bxd2 Nxd2 23. Rf2 Rb8 24. Qc7 Nxf3+ 25. Rxf3 Qxd5 26. Rf2 Qf5 27.
Qc3 Rbc8 28. Re1 Rxe1+ 29. Qxe1 Qxh3 30. Qf1 Qg3+ 31. Rg2 Qe3+ 32. Qf2 Rc1+ 33.
Kh2 Qe4 34. Qd2 Rf1 35. Qxd6 Rxf4 36. Qd8+ Kg7 37. Qd2 Rf3 38. Kg1 Re3 39. Kh2
Qh4+ 40. Kg1 Re1+ 0-1

[Event "Hastings Premier 1975/76 51st"]
[Site "Hastings"]
[Date "1976.01.08"]
[Round "9"]
[White "Nunn, John DM"]
[Black "Stean, Michael"]
[Result "1/2-1/2"]
[WhiteElo "2375"]
[BlackElo "2370"]
[PlyCount "44"]
[EventDate "1975.12.29"]
[EventType "tourn"]
[EventRounds "15"]
[EventCountry "ENG"]
[EventCategory "10"]
[SourceTitle "BritBase"]
[SourceQuality "2"]

1. e4 c5 2. Nf3 d6 3. d4 cxd4 4. Nxd4 Nf6 5. Nc3 a6 6. Bg5 e6 7. f4 b5 8. e5
dxe5 9. fxe5 Qc7 10. Qe2 Nfd7 11. O-O-O Bb7 12. Qg4 Qxe5 13. Bxb5 axb5 14. Rhe1
h5 15. Qh4 Qc5 16. Qg3 Na6 17. Nxe6 fxe6 18. Rxe6+ Kf7 19. Rxd7+ Kxe6 20. Rxb7
Bd6 21. Qh3+ Qf5 22. Qe3+ Qe5 1/2-1/2

[Event "Hastings Premier 1975/76 51st"]
[Site "Hastings"]
[Date "1976.01.08"]
[Round "9"]
[White "Uhlmann, Wolfgang"]
[Black "Hartston, William Roland"]
[Result "1-0"]
[WhiteElo "2535"]
[BlackElo "2475"]
[PlyCount "77"]
[EventDate "1975.12.29"]
[EventType "tourn"]
[EventRounds "15"]
[EventCountry "ENG"]
[EventCategory "10"]
[SourceTitle "BritBase"]
[SourceQuality "2"]

1. c4 c5 2. Nf3 Nf6 3. Nc3 e6 4. g3 b6 5. Bg2 Bb7 6. d4 cxd4 7. Qxd4 Be7 8. O-O
O-O 9. e4 d6 10. Qe3 a6 11. Nd4 Qc7 12. b3 Nc6 13. Bb2 Rfd8 14. Rac1 Nxd4 15.
Qxd4 Bf8 16. Rfd1 Nd7 17. Qe3 Rac8 18. Rd2 Nc5 19. h3 Qb8 20. Kh2 Bc6 21. f4 b5
22. b4 Nd7 23. cxb5 axb5 24. Bf1 Nf6 25. a3 Qb7 26. Bg2 Nd7 27. Qd3 Nf6 28.
Rdc2 Be7 29. Ne2 e5 30. Nc3 exf4 31. gxf4 Nh5 32. Ne2 Be8 33. Rxc8 Rxc8 34. e5
Qb8 35. Rxc8 Qxc8 36. Bf3 f5 37. exd6 Bf6 38. Bxh5 Bxh5 39. d7 1-0

[Event "Hastings Premier 1975/76 51st"]
[Site "Hastings"]
[Date "1976.01.09"]
[Round "10"]
[White "Hartston, William Roland"]
[Black "Nunn, John DM"]
[Result "1/2-1/2"]
[WhiteElo "2475"]
[BlackElo "2375"]
[PlyCount "38"]
[EventDate "1975.12.29"]
[EventType "tourn"]
[EventRounds "15"]
[EventCountry "ENG"]
[EventCategory "10"]
[SourceTitle "BritBase"]
[SourceQuality "2"]

1. d4 d5 2. Nf3 c5 3. c4 e6 4. g3 Nc6 5. Bg2 dxc4 6. Be3 Nge7 7. Nc3 Nf5 8.
dxc5 Nxe3 9. Qxd8+ Kxd8 10. fxe3 Bxc5 11. Nd4 Bd7 12. Nxc6+ Bxc6 13. Bxc6 bxc6
14. Kf2 Rb8 15. Rhd1+ Kc7 16. Rd2 Rhd8 17. Rc2 Be7 18. Rac1 Bf6 19. Na4 Rb4
1/2-1/2

[Event "Hastings Premier 1975/76 51st"]
[Site "Hastings"]
[Date "1976.01.09"]
[Round "10"]
[White "Hort, Vlastimil"]
[Black "Kaplan, Julio"]
[Result "1-0"]
[WhiteElo "2600"]
[BlackElo "2445"]
[PlyCount "71"]
[EventDate "1975.12.29"]
[EventType "tourn"]
[EventRounds "15"]
[EventCountry "ENG"]
[EventCategory "10"]
[SourceTitle "BritBase"]
[SourceQuality "2"]

1. d4 Nf6 2. c4 e6 3. Nc3 Bb4 4. e3 b6 5. Nge2 O-O 6. a3 Bxc3+ 7. Nxc3 d5 8.
Be2 Ba6 9. b3 c5 10. dxc5 bxc5 11. O-O Qc8 12. Bb2 Rd8 13. cxd5 Nxd5 14. Qc2
Bxe2 15. Qxe2 Nxc3 16. Bxc3 Nc6 17. Qc4 Qb7 18. Qxc5 Rd5 19. Qc4 Rc8 20. Qg4
Ne5 21. Bxe5 Rxe5 22. Rac1 Rec5 23. Rxc5 Rxc5 24. Rd1 h5 25. Qa4 Rg5 26. e4 Rb5
27. b4 h4 28. h3 Rg5 29. Qd7 Qxd7 30. Rxd7 a5 31. Rd8+ Kh7 32. Ra8 axb4 33.
axb4 Rb5 34. Ra4 Kg6 35. Kf1 Kg5 36. Ra5 1-0

[Event "Hastings Premier 1975/76 51st"]
[Site "Hastings"]
[Date "1976.01.09"]
[Round "10"]
[White "Keene, Raymond Dennis"]
[Black "Jansa, Vlastimil"]
[Result "1/2-1/2"]
[WhiteElo "2505"]
[BlackElo "2540"]
[PlyCount "52"]
[EventDate "1975.12.29"]
[EventType "tourn"]
[EventRounds "15"]
[EventCountry "ENG"]
[EventCategory "10"]
[SourceTitle "BritBase"]
[SourceQuality "2"]

1. d4 Nf6 2. c4 e6 3. Nc3 Bb4 4. Bg5 c5 5. d5 h6 6. Bh4 Bxc3+ 7. bxc3 d6 8. e3
e5 9. f3 Nbd7 10. Bd3 Qe7 11. Qc2 g5 12. Bg3 Nh5 13. Ne2 Ndf6 14. Rb1 Kd8 15.
O-O Kc7 16. Qa4 Ng7 17. Qa5+ Kb8 18. Bf2 Nfh5 19. g4 Nf6 20. e4 h5 21. h3 Nh7
22. Ng3 Nf8 23. Nf5 Nxf5 24. exf5 Nd7 25. Bg3 f6 26. Kg2 Nb6 1/2-1/2

[Event "Hastings Premier 1975/76 51st"]
[Site "Hastings"]
[Date "1976.01.09"]
[Round "10"]
[White "Korchnoi, Viktor"]
[Black "Bellin, Robert"]
[Result "1-0"]
[WhiteElo "2665"]
[BlackElo "2375"]
[PlyCount "67"]
[EventDate "1975.12.29"]
[EventType "tourn"]
[EventRounds "15"]
[EventCountry "ENG"]
[EventCategory "10"]
[SourceTitle "BritBase"]
[SourceQuality "2"]

1. c4 f5 2. Nf3 Nf6 3. g3 e6 4. Bg2 Be7 5. O-O O-O 6. b3 a5 7. Nc3 Na6 8. d4 d6
9. e3 c6 10. Bb2 Nc7 11. Qc2 b5 12. Nd2 d5 13. Nf3 Nd7 14. cxd5 cxd5 15. Rfc1
Bb7 16. Ne2 Bd6 17. Ne5 Qe7 18. Nf4 a4 19. Qxc7 Bxc7 20. Rxc7 Rfd8 21. Rxb7
Rac8 22. Nfd3 a3 23. Bc1 Qd6 24. Nxd7 Rxd7 25. Bxa3 Qxa3 26. Rxd7 Rc2 27. Bf1
g5 28. Rb7 h5 29. Rxb5 h4 30. Rc5 Rd2 31. Rac1 hxg3 32. hxg3 Kg7 33. Rc7+ Kh6
34. R1c6 1-0

[Event "Hastings Premier 1975/76 51st"]
[Site "Hastings"]
[Date "1976.01.09"]
[Round "10"]
[White "Miles, Anthony J"]
[Black "Bronstein, David I"]
[Result "1-0"]
[WhiteElo "2435"]
[BlackElo "2590"]
[PlyCount "101"]
[EventDate "1975.12.29"]
[EventType "tourn"]
[EventRounds "15"]
[EventCountry "ENG"]
[EventCategory "10"]
[SourceTitle "BritBase"]
[SourceQuality "2"]

1. c4 f5 2. g3 Nf6 3. Bg2 c6 4. Nf3 g6 5. Nc3 Bg7 6. O-O O-O 7. d4 d5 8. cxd5
cxd5 9. Ne5 Be6 10. Bf4 Nc6 11. Na4 Nd7 12. Nxc6 bxc6 13. Qd2 Bf7 14. Rac1 Nb6
15. Nc5 Nc4 16. Qc3 Re8 17. Nd3 Qb6 18. e3 Rec8 19. b3 Nd6 20. Be5 Bh6 21. Rc2
Nb7 22. Rfc1 e6 23. Qb4 Bg5 24. Qxb6 axb6 25. Rxc6 Rxc6 26. Rxc6 Bd8 27. Nb4
Na5 28. Rc2 Be7 29. Na6 Be8 30. Bf1 b5 31. Nc7 Rc8 32. Rd2 Nc6 33. Nxe6 g5 34.
f4 Nxe5 35. dxe5 gxf4 36. exf4 Bb4 37. Rxd5 Bc6 38. Rd4 Bc3 39. Rd3 Be4 40. Rd7
Ba5 41. Bd3 Bb6+ 42. Kf1 Bf3 43. Nd4 Rc1+ 44. Kf2 Bc6 45. Rd6 Bc5 46. Rd8+ Kf7
47. Ke2 Be4 48. Nxf5 Bxd3+ 49. Rxd3 Ke6 50. Nd4+ Bxd4 51. Rxd4 1-0

[Event "Hastings Premier 1975/76 51st"]
[Site "Hastings"]
[Date "1976.01.09"]
[Round "10"]
[White "Stean, Michael"]
[Black "Taimanov, Mark"]
[Result "1/2-1/2"]
[WhiteElo "2370"]
[BlackElo "2580"]
[PlyCount "63"]
[EventDate "1975.12.29"]
[EventType "tourn"]
[EventRounds "15"]
[EventCountry "ENG"]
[EventCategory "10"]
[SourceTitle "BritBase"]
[SourceQuality "2"]

1. e4 c5 2. Nf3 Nc6 3. Bb5 e6 4. O-O Nge7 5. Re1 a6 6. Bf1 d5 7. exd5 Nxd5 8.
d4 Nf6 9. Be3 Be7 10. Nc3 cxd4 11. Nxd4 Nxd4 12. Bxd4 Bd7 13. Ne4 Bc6 14. Nxf6+
Bxf6 15. Bxf6 Qxf6 16. c3 Rd8 17. Qc2 Qg6 18. Qxg6 hxg6 19. Rad1 Rh5 20. Rxd8+
Kxd8 21. Rd1+ Kc7 22. g3 Re5 23. f4 Ra5 24. Bc4 Rc5 25. Rd4 b5 26. Bb3 g5 27.
Kf2 Bd7 28. fxg5 Rxg5 29. Rf4 f5 30. Rh4 Rg6 31. Ke3 e5 32. Rh8 1/2-1/2

[Event "Hastings Premier 1975/76 51st"]
[Site "Hastings"]
[Date "1976.01.10"]
[Round "11"]
[White "Bellin, Robert"]
[Black "Stean, Michael"]
[Result "1/2-1/2"]
[WhiteElo "2375"]
[BlackElo "2370"]
[PlyCount "70"]
[EventDate "1975.12.29"]
[EventType "tourn"]
[EventRounds "15"]
[EventCountry "ENG"]
[EventCategory "10"]
[SourceTitle "BritBase"]
[SourceQuality "2"]

1. e4 c5 2. Nf3 e6 3. d4 cxd4 4. Nxd4 a6 5. Nc3 Qc7 6. Bd3 Nc6 7. Be3 Nf6 8.
O-O Ne5 9. h3 Bc5 10. Na4 Ba7 11. c4 d6 12. Rc1 O-O 13. b3 Rd8 14. Bb1 Bd7 15.
Nc3 Rac8 16. f4 Ng6 17. f5 Ne5 18. Kh1 Rf8 19. Bg5 Qc5 20. Nde2 Kh8 21. Qd2 Ng8
22. Bh4 Qb4 23. Rcd1 Bc5 24. Bg3 Nf6 25. Bh4 Ng8 26. Nf4 Qa5 27. Nd3 Nxd3 28.
Qxd3 e5 29. f6 g6 30. Nd5 b5 31. Ne7 bxc4 32. bxc4 Rb8 33. Nxg8 Rxg8 34. Bg5
Be6 35. Rc1 Bd4 1/2-1/2

[Event "Hastings Premier 1975/76 51st"]
[Site "Hastings"]
[Date "1976.01.10"]
[Round "11"]
[White "Bisguier, Arthur"]
[Black "Keene, Raymond Dennis"]
[Result "1/2-1/2"]
[WhiteElo "2445"]
[BlackElo "2505"]
[PlyCount "32"]
[EventDate "1975.12.29"]
[EventType "tourn"]
[EventRounds "15"]
[EventCountry "ENG"]
[EventCategory "10"]
[SourceTitle "BritBase"]
[SourceQuality "2"]

1. d4 Nf6 2. Nf3 c5 3. c3 e6 4. Nbd2 d5 5. e3 b6 6. Ne5 Bb7 7. f4 g6 8. Bd3 Bg7
9. b4 cxd4 10. cxd4 O-O 11. Qf3 Nc6 12. Nxc6 Bxc6 13. b5 Bb7 14. Ba3 Re8 15.
O-O Rc8 16. Rfc1 Qd7 1/2-1/2

[Event "Hastings Premier 1975/76 51st"]
[Site "Hastings"]
[Date "1976.01.10"]
[Round "11"]
[White "Kaplan, Julio"]
[Black "Sosonko, Gennadi"]
[Result "1/2-1/2"]
[WhiteElo "2445"]
[BlackElo "2470"]
[PlyCount "47"]
[EventDate "1975.12.29"]
[EventType "tourn"]
[EventRounds "15"]
[EventCountry "ENG"]
[EventCategory "10"]
[SourceTitle "BritBase"]
[SourceQuality "2"]

1. e4 c5 2. Nf3 d6 3. d4 cxd4 4. Nxd4 Nf6 5. Nc3 g6 6. Be3 Bg7 7. f3 Nc6 8. Qd2
O-O 9. O-O-O Nxd4 10. Bxd4 Be6 11. Kb1 Qc7 12. Bb5 Rfd8 13. Ba4 Bc4 14. Bb3
Rac8 15. Bxc4 Qxc4 16. Bxf6 Bxf6 17. Nd5 Kg7 18. h4 e6 19. Nxf6 Kxf6 20. h5 g5
21. Rhe1 Qc5 22. g3 Ke7 23. h6 Rg8 24. Re3 1/2-1/2

[Event "Hastings Premier 1975/76 51st"]
[Site "Hastings"]
[Date "1976.01.10"]
[Round "11"]
[White "Taimanov, Mark"]
[Black "Hartston, William Roland"]
[Result "1/2-1/2"]
[WhiteElo "2580"]
[BlackElo "2475"]
[PlyCount "49"]
[EventDate "1975.12.29"]
[EventType "tourn"]
[EventRounds "15"]
[EventCountry "ENG"]
[EventCategory "10"]
[SourceTitle "BritBase"]
[SourceQuality "2"]

1. c4 g6 2. Nc3 c5 3. b3 Bg7 4. Bb2 Nc6 5. Nf3 d6 6. g3 e5 7. Bg2 Nge7 8. O-O
O-O 9. d3 Rb8 10. Ne1 Be6 11. Nd5 Qd7 12. e4 f5 13. f4 Nd4 14. Nf3 fxe4 15.
Nxd4 exd4 16. Nxe7+ Qxe7 17. Bxe4 Qd7 18. Qf3 Bg4 19. Qh1 b5 20. Rae1 bxc4 21.
dxc4 Bh3 22. Bg2 Bf5 23. Be4 Bh3 24. Bg2 Bf5 25. Be4 1/2-1/2

[Event "Hastings Premier 1975/76 51st"]
[Site "Hastings"]
[Date "1976.01.10"]
[Round "11"]
[White "Uhlmann, Wolfgang"]
[Black "Hort, Vlastimil"]
[Result "1/2-1/2"]
[WhiteElo "2535"]
[BlackElo "2600"]
[PlyCount "25"]
[EventDate "1975.12.29"]
[EventType "tourn"]
[EventRounds "15"]
[EventCountry "ENG"]
[EventCategory "10"]
[SourceTitle "BritBase"]
[SourceQuality "2"]

1. d4 d5 2. c4 dxc4 3. Nf3 Nf6 4. e3 e6 5. Bxc4 c5 6. dxc5 Qxd1+ 7. Kxd1 Bxc5
8. Ke2 a6 9. a3 b5 10. Bd3 Bb7 11. b4 Bd6 12. Bb2 Nbd7 13. Nbd2 1/2-1/2

[Event "Hastings Premier 1975/76 51st"]
[Site "Hastings"]
[Date "1976.01.11"]
[Round "12"]
[White "Hartston, William Roland"]
[Black "Bellin, Robert"]
[Result "1-0"]
[WhiteElo "2475"]
[BlackElo "2375"]
[PlyCount "119"]
[EventDate "1975.12.29"]
[EventType "tourn"]
[EventRounds "15"]
[EventCountry "ENG"]
[EventCategory "10"]
[SourceTitle "BritBase"]
[SourceQuality "2"]

1. e4 c5 2. Nf3 Nf6 3. e5 Nd5 4. Nc3 e6 5. Nxd5 exd5 6. d4 Nc6 7. Be3 d6 8.
exd6 c4 9. b3 cxb3 10. axb3 Bxd6 11. Bd3 Bb4+ 12. Bd2 Qe7+ 13. Qe2 Bxd2+ 14.
Kxd2 Be6 15. c3 Rc8 16. Rhc1 O-O 17. Ke1 Rfe8 18. Kf1 Bf5 19. Re1 Qxe2+ 20.
Bxe2 a6 21. Nh4 Bd7 22. Bd3 g6 23. Rxe8+ Rxe8 24. Nf3 Kg7 25. Ng1 Rc8 26. Ke1
Kf6 27. Kd2 Ke6 28. Ne2 Kd6 29. Nf4 h6 30. Be2 g5 31. Nd3 Bf5 32. Nc5 Rb8 33.
g4 Be6 34. f4 a5 35. f5 Bc8 36. h4 b6 37. Nd3 Ba6 38. hxg5 hxg5 39. Rh1 f6 40.
Rh7 Bxd3 41. Bxd3 Nd8 42. Bb5 Rb7 43. Rh8 Rb8 44. Re8 Rc8 45. Kc2 Rb8 46. Kb2
Rc8 47. Ka3 Rb8 48. Ka4 Ra8 49. c4 dxc4 50. bxc4 Rb8 51. Rf8 Ke7 52. Rh8 Kd6
53. Re8 Rc8 54. Rf8 Ke7 55. Rh8 Kd6 56. Rh6 Ke7 57. Rh7+ Nf7 58. c5 bxc5 59.
Bc4 Rf8 60. dxc5 1-0

[Event "Hastings Premier 1975/76 51st"]
[Site "Hastings"]
[Date "1976.01.11"]
[Round "12"]
[White "Kaplan, Julio"]
[Black "Uhlmann, Wolfgang"]
[Result "1/2-1/2"]
[WhiteElo "2445"]
[BlackElo "2535"]
[PlyCount "172"]
[EventDate "1975.12.29"]
[EventType "tourn"]
[EventRounds "15"]
[EventCountry "ENG"]
[EventCategory "10"]
[SourceTitle "BritBase"]
[SourceQuality "2"]

1. e4 e6 2. d4 d5 3. Nc3 Bb4 4. e5 Ne7 5. a3 Bxc3+ 6. bxc3 c5 7. Nf3 Bd7 8. a4
Qa5 9. Bd2 Nbc6 10. Be2 c4 11. Ng5 f6 12. exf6 gxf6 13. Bh5+ Ng6 14. Nxh7 Kf7
15. Qg4 Nce7 16. Nxf6 Kxf6 17. h4 Kf7 18. Bxg6+ Nxg6 19. Qf3+ Ke7 20. h5 Nf8
21. Bg5+ Kd6 22. Bf6 Nh7 23. Bxh8 Rxh8 24. Qe3 Kc6 25. f3 Qd8 26. g4 Ng5 27.
Ke2 Qf6 28. Raf1 Kd6 29. Qe5+ Ke7 30. Qxf6+ Kxf6 31. a5 Ba4 32. Kd2 Kg7 33. Rf2
Rf8 34. Ke3 Bc6 35. Rff1 Kh6 36. Rf2 Rf7 37. Rff1 e5 38. dxe5 Nxf3 39. e6 Rf6
40. e7 d4+ 41. cxd4 Re6+ 42. Kf4 Rxe7 43. d5 Bxd5 44. Rd1 Rf7+ 45. Ke3 Bc6 46.
Rd6+ Kh7 47. Rf1 Re7+ 48. Kf4 Nd2 49. Rd1 Rf7+ 50. Ke5 c3 51. Rd3 Re7+ 52. Kf4
Ne4 53. Rd8 Rf7+ 54. Ke5 Rg7 55. Rg1 Ng5 56. Kf6 Kh6 57. Rh8+ Nh7+ 58. Kf5 Bd7+
59. Kf4 Rf7+ 60. Ke3 Kg7 61. Rb8 Re7+ 62. Kd3 Bb5+ 63. Kxc3 Ng5 64. Kb4 Bc6 65.
c4 a6 66. Rd1 Nf7 67. Rd4 Bf3 68. Kc5 Re5+ 69. Kb4 Re7 70. Kc3 Ne5 71. Rdd8
Bxg4 72. Rg8+ Kf6 73. h6 Bf5 74. Rbf8+ Nf7 75. Rg3 Rc7 76. Kb3 Ke5 77. Rg7 Be6
78. Rfxf7 Bxf7 79. h7 Rxc4 80. Rxf7 Rh4 81. Rxb7 Kd5 82. Kc3 Kc6 83. Rg7 Kb5
84. Rg5+ Kc6 85. Rg6+ Kb5 86. Rg5+ Kc6 1/2-1/2